Pokémon - Les attaques de Latios - Statistiques

Statistiques générales
  • Ce quiz a été pris 18 fois
  • Le résultat moyen est 10 sur 17
Statistiques - réponses
Niveaux Types Noms des attaques % Correct
Niveau 60 Psy Psyko
100%
Niveau 45 Dragon Draco-Choc
92%
Niveau 25 Dragon Draco-Souffle
92%
Niveau 15 Psy Choc Mental
83%
Niveau 40 Psy Psykoud'Boul
75%
Départ Dragon Danse Draco
67%
Départ Psy Force Ajoutée
67%
Niveau 35 Psy Lumi-Éclat
67%
Niveau 75 Psy Échange Psy
58%
Niveau 10 Normal Soin
58%
Niveau 20 Vol Vent Arrière
58%
Niveau 70 Ténèbres Souvenir
50%
Niveau 65 Psy Partage Force
42%
Niveau 50 Psy Vibra Soin
33%
Niveau 30 Psy Interversion
17%
Niveau 5 Normal Coup d'Main
8%
Niveau 55 Normal Rayon Simple
0%
Aucun quiz correspondant
Distribution des résultats
% des personnes avec chaque résultat
Percentile par nombre de réponses
Votre historique - résultats
Vous n’avez pas pris ce quiz